000 00865nam a2200265 i 4500
003 DO-SdBNP
005 20251118082310.0
007 ta
008 251118b2016 dr ||||| |||| 00| 0 spa d
040 _aDO-SdBNP
_bspa
_cBNPHU
_erda
041 _aspa
082 4 _axxx
_bxxx
_222
100 _aDe la Rosa Núñez, Dulce Amor,
_eautor
_4aut.
_988803
245 1 0 _aNociones de derecho de la internet comparado /
_cDulce Amor De la Rosa Núñez
264 _aRepública Dominicana :
_beditor no identificado,
_c2016.
300 _a184 páginas :
_c21 cm.
336 _atexto
_btxt
_2rdacontent
337 _asin mediación
_bn
_2rdamedia
338 _avolumen
_bnc
_2rdacarrier
504 _aBibliografía : páginas 177-184
590 _aInventariado, 2025/BT
700 _aJaquez Liranzo, Román,
_eprologuista
_4pr.
_924032
910 _aBtavárez
942 _2ddc
_cLBS1
999 _c60052
_d60052